00329nam a2200121Ia 4500008004100000040001700041041001200058082001800070100001900088245003800107260005100145300001100196230917s9999||||xx |||||||||||||| ||und|| e154787aMAIN aEnglish a294.6 G537J:B aInderjit Singh 0aBadshah darvesh Guru Gobind Singh aChandigarhbGuru Gobind Singh Foundationc1967 a350 p.